| 000 | 02354nam a2200349 a 4500 | ||
|---|---|---|---|
| 001 | 000017815 | ||
| 003 | DO-SdBNP | ||
| 005 | 20250115114737.0 | ||
| 007 | ta | ||
| 008 | 100406t2003 dr 000 0bspa d | ||
| 020 | _a9993455512 | ||
| 040 |
_aDO-SdBNP _bspa _cBNPHU |
||
| 082 | 4 |
_a923.77295 _bH831g, 2003 _222 |
|
| 100 | 1 |
_aGarcía Carrasco, Félix, _d1920-2008 _925358 |
|
| 245 | 1 | 3 |
_aEl evangelio vivo de Hostos / _cFélix García Carrasco ; prólogo Tony Raful ; editor Tomás Castro Burdiez. |
| 250 | _a2a. ed. | ||
| 260 |
_aSanto Domingo : _bSecretaría de Estado de Cultura : _bEducarte, _c2003. |
||
| 300 |
_a235 p. ; _c22 cm. |
||
| 500 | _aIncluye la cronología de fechas importantes en la vida de Hostos. | ||
| 500 | _aIncluye referencias bibliográficas y notas al pie de las páginas. | ||
| 504 | _aBibliografía : p. 235. | ||
| 505 | 0 |
_aprólogo -- _tTony Raful -- _tEl evangelio vivo de Hostos -- _tEl desconocimiento de Hostos -- _tLa perspectiva histórica -- _tLa independencia intelectual / _rHorace Mann -- _tLa pedagogía Hostosiana ; _tSu concepto de la universidad ; _tSu concepto de patria ; _tSu concepto de humanidad; _tSu lucha feminista -- _tPedagogía y sistemas pedagógicos -- _tEl escenario geográfico ; _tI. El caballo de la madrina ; _tII. Lilís se cansa periódicamente de la presidencia ; _tHostos en Chile -- _tEl escenario humano -- _tEl panorama histórico ; _tEuropa despues de Napoleón ; _tLa España del siglo XIX ; _tHostos y España ; _tHostos y el Krausismo español ; _tLa sociología en Hispanoamérica ; _tHostos y el socialismo -- _tFilosofía y religión -- _tEl alcance de su prédica -- _tEl ideal de civilización -- _tSócrates, Comenio y Hostos ; _tSócrates ; _tComenio ; _tHostos -- _tLos ultimos caminos -- _tLa República Dominicana después de Hostos -- _gConclusiones -- _gÍndice de fechas importantes en la vida de Hostos. |
|
| 590 | _aInventariado, 2020/VM | ||
| 600 | 1 | 0 |
_aHostos, Eugenio María de, _d1839-1903 _91352 |
| 650 | 4 |
_aEducación _zRepública Dominicana _xHistoria _913100 |
|
| 651 | 4 |
_aRepública Dominicana _xCondiciones sociales _xHistoria _91211 |
|
| 700 | 1 |
_aRaful, Tony, _d1951- _epról. _91377 |
|
| 700 |
_aCastro, Tomás, _d1959- _eed. _924641 |
||
| 710 | 1 |
_a República Dominicana. _b Secretaría de Estado de Cultura _96453 |
|
| 910 | _aValidado. Control de calidad EMS | ||
| 942 |
_2ddc _cLBS1 |
||
| 999 |
_c17339 _d17339 |
||